Studies on thermoplastic elastomers from natural rubber/polystyrene and natural rubber/polystyrene/natural rubber-graft-polystyrene blends (Record no. 74595)

MARC details
000 -LEADER
fixed length control field 00469nam a2200133Ia 4500
100 ## - MAIN ENTRY--AUTHOR NAME
Personal name Asaletha, R.
245 #0 - TITLE STATEMENT
Title Studies on thermoplastic elastomers from natural rubber/polystyrene and natural rubber/polystyrene/natural rubber-graft-polystyrene blends
260 ## - PUBLICATION, DISTRIBUTION, ETC. (IMPRINT)
Name of publisher Mahatma Gandhi University
Place of publication Kottayam
Year of publication 1998
300 ## - PHYSICAL DESCRIPTION
Number of Pages 239
500 ## - GENERAL NOTE
General note Course: Ph. D
700 ## - ADDED ENTRY--PERSONAL NAME
Personal name Dr MG Kumaran and Dr Sabu Thomas
942 ## - ADDED ENTRY ELEMENTS (KOHA)
Koha item type Theses
Holdings
Withdrawn status Lost status Damaged status Not for loan Collection code Home library Current library Shelving location Date acquired Koha item type
      Theses Thesis RRII Library RRII Library Rubber technology 31/12/2021 Theses